<?xml version='1.0' encoding='UTF-8'?>
  <record xmlns="http://www.loc.gov/MARC21/slim">
    <leader>00000ctc a22000007i 4500</leader>
    <controlfield tag="001">on1047728013</controlfield>
    <controlfield tag="003">OCoLC</controlfield>
    <controlfield tag="005">20240210061653.1</controlfield>
    <controlfield tag="008">180806k15651643ne            000 0dlat d</controlfield>
    <datafield tag="040" ind1=" " ind2=" ">
      <subfield code="a">QGJ</subfield>
      <subfield code="b">eng</subfield>
      <subfield code="e">rda</subfield>
      <subfield code="c">QGJ</subfield>
      <subfield code="d">OCLCQ</subfield>
      <subfield code="d">OCLCO</subfield>
      <subfield code="d">OCLCQ</subfield>
      <subfield code="d">OCLCO</subfield>
      <subfield code="d">QGJ</subfield>
      <subfield code="d">OCLCL</subfield>
    </datafield>
    <datafield tag="035" ind1=" " ind2=" ">
      <subfield code="a">(OCoLC)1047728013</subfield>
    </datafield>
    <datafield tag="044" ind1=" " ind2=" ">
      <subfield code="a">gw</subfield>
      <subfield code="a">fr</subfield>
      <subfield code="a">be</subfield>
      <subfield code="a">nl</subfield>
    </datafield>
    <datafield tag="245" ind1="0" ind2="0">
      <subfield code="a">Epistolae eruditorum,</subfield>
      <subfield code="f">UBU Hs. 1676 (Hs 7 B 21 dl 1)</subfield>
    </datafield>
    <datafield tag="264" ind1=" " ind2="0">
      <subfield code="a">[Various places of production],</subfield>
      <subfield code="c">1565-1643.</subfield>
    </datafield>
    <datafield tag="300" ind1=" " ind2=" ">
      <subfield code="a">1 portfolio (13 items) ;</subfield>
      <subfield code="c">36 cm</subfield>
    </datafield>
    <datafield tag="336" ind1=" " ind2=" ">
      <subfield code="a">text</subfield>
      <subfield code="b">txt</subfield>
      <subfield code="2">rdacontent</subfield>
    </datafield>
    <datafield tag="337" ind1=" " ind2=" ">
      <subfield code="a">unmediated</subfield>
      <subfield code="b">n</subfield>
      <subfield code="2">rdamedia</subfield>
    </datafield>
    <datafield tag="338" ind1=" " ind2=" ">
      <subfield code="a">sheet</subfield>
      <subfield code="b">nb</subfield>
      <subfield code="2">rdacarrier</subfield>
    </datafield>
    <datafield tag="340" ind1=" " ind2=" ">
      <subfield code="a">Paper</subfield>
    </datafield>
    <datafield tag="505" ind1="0" ind2=" ">
      <subfield code="a">1. Lambertus Hortensius to Thom. Persoels (1 letter, 1565) -- 2. Hugo Ruysch to Arend van Buchell (1 letter, 1585) -- 3. Suffridus Petrus to Theodorus Canterus (1 letter, 1594) -- 4. Justus Lipsius to Lambertus van der Burch (1 letter, 1595) -- 5 Henricus Lindenbruch to Theodorus Canterus (1 letter, 1596) -- 6. Joannes Meursius to Theodorus Canterus (1 letter, 1597) -- 7. Joa. Werchovius to Arend van Buchell -- 8-10. Everardus Bootius to Theodorus Canterus (3 letters, 1599) -- 11. Franciscus Junius to Theodorus Canterus (1 letter, 1600) -- 12. Henricus Eppius to Arend van Buchell (1 letter, 1621) -- 13. Arend van Buchell to Caspar Barlaeus (1 letter, 1624) -- 14. Jacobus Lydius to Gisbertus Lappius (1 letter, 1643)</subfield>
    </datafield>
    <datafield tag="520" ind1="2" ind2=" ">
      <subfield code="a">Collection of original letters by and to scholars, late 16th and early 17th century.</subfield>
    </datafield>
    <datafield tag="524" ind1="8" ind2=" ">
      <subfield code="a">Cite as: Universiteitsbibliotheek Utrecht Hs. 1676 (Hs 7 B 21 dl 1)</subfield>
    </datafield>
    <datafield tag="541" ind1=" " ind2=" ">
      <subfield code="3">nr. 1-12, 14</subfield>
      <subfield code="c">Gift;</subfield>
      <subfield code="a">Jacobus Anne Grothe;</subfield>
      <subfield code="d">18880728</subfield>
    </datafield>
    <datafield tag="581" ind1=" " ind2=" ">
      <subfield code="a">[A. Hulshof], Catalogus codicum manu scriptorum Bibliothecae Universitatis Rheno-Traiectinae. II. Traiecti ad Rhenum 1909. p. 119.</subfield>
    </datafield>
    <datafield tag="581" ind1=" " ind2=" ">
      <subfield code="a">J.A. Gruys, The correspondence of Theodorus Canterus (Dirk Canter 1545-1616). An inventory. Nieuwkoop 1978. (= Bibliotheca bibliographica Neerlandica 9). p. 28, 32-33, 40-42.</subfield>
    </datafield>
    <datafield tag="581" ind1=" " ind2=" ">
      <subfield code="a">J.A. Gruys, The early printed editions (1618-1644) of Aeschylus. Nieuwkoop 1981. (= Bibliotheca humanistica et reformatorica 32). p. 282 nr. 9.</subfield>
    </datafield>
    <datafield tag="581" ind1=" " ind2=" ">
      <subfield code="a">[Hulshof 1918 MM] p. XXI nr. 41, pl. 41 [brief van F. Junius aan Th. Canter].</subfield>
    </datafield>
    <datafield tag="581" ind1=" " ind2=" ">
      <subfield code="a">G. Mees Az., Lambertus Hortensius van Montfoort als geschiedschrijver. Utrecht 1836. p. 29.</subfield>
    </datafield>
    <datafield tag="581" ind1=" " ind2=" ">
      <subfield code="a">J. Pollmann, Een andere weg naar God. De reformatie van Arnoldus Buchelius (1565-1641). Amsterdam 2000 (ook verschenen als proefschrift UvA: Another road to God, [s.n] 1998, ook verschenen als: Religious choice in the Dutch Republic. The reformation of Arnoldus Buchelius (1565-1641), Manchester 1999). p. 199 nt. 31 en 35.</subfield>
    </datafield>
    <datafield tag="581" ind1=" " ind2=" ">
      <subfield code="a">B.A. Venemans, Franciscus Junius en zijn Eirenicum de pace ecclesiae catholicae. Dissertatie Brussel. Leiden 1977. p. 124-126 (tekstuitgave nr. 11).</subfield>
    </datafield>
    <datafield tag="581" ind1=" " ind2=" ">
      <subfield code="a">'Vita Lamberti Hortensii', in: Lamberti Hortensii Montfortii secessionum civilium Ultraiectinarum et bellorum ab anno xxiv. supra M. CCCCC ... libri septem. Ultrajecti 1642. fol. Q 1v (tekstuitgave).</subfield>
    </datafield>
    <datafield tag="655" ind1=" " ind2="7">
      <subfield code="a">Records and correspondence.</subfield>
      <subfield code="2">fast</subfield>
      <subfield code="0">(OCoLC)fst01423917</subfield>
    </datafield>
    <datafield tag="655" ind1=" " ind2="7">
      <subfield code="a">Brieven (vorm)</subfield>
      <subfield code="2">gtt</subfield>
      <subfield code="0">(NL-LeOCL)088142167</subfield>
    </datafield>
    <datafield tag="700" ind1="1" ind2=" ">
      <subfield code="a">Hortensius, Lambertus,</subfield>
      <subfield code="d">1500 or 1501-1574,</subfield>
      <subfield code="e">correspondent.</subfield>
      <subfield code="4">crp</subfield>
      <subfield code="1">https://id.oclc.org/worldcat/entity/E39PBJx4pFmrkbGWFxYGWVjgrq</subfield>
    </datafield>
    <datafield tag="700" ind1="1" ind2=" ">
      <subfield code="a">Ruysch, Hugo,</subfield>
      <subfield code="e">active 1585,</subfield>
      <subfield code="e">correspondent.</subfield>
      <subfield code="4">crp</subfield>
    </datafield>
    <datafield tag="700" ind1="1" ind2=" ">
      <subfield code="a">Petrus, Suffredus,</subfield>
      <subfield code="d">1527-1597,</subfield>
      <subfield code="e">correspondent.</subfield>
      <subfield code="4">crp</subfield>
      <subfield code="0">(isni)000000010879195X</subfield>
    </datafield>
    <datafield tag="700" ind1="1" ind2=" ">
      <subfield code="a">Lipsius, Justus,</subfield>
      <subfield code="d">1547-1606,</subfield>
      <subfield code="e">correspondent.</subfield>
      <subfield code="4">crp</subfield>
      <subfield code="1">https://id.oclc.org/worldcat/entity/E39PBJpDVCJRfRwPc9y6y4xbh3</subfield>
    </datafield>
    <datafield tag="700" ind1="1" ind2=" ">
      <subfield code="a">Lindenbrog, Heinrich,</subfield>
      <subfield code="d">1570-1642,</subfield>
      <subfield code="e">correspondent.</subfield>
      <subfield code="4">crp</subfield>
      <subfield code="1">https://id.oclc.org/worldcat/entity/E39PBJmMXq3VbPxwvqgbY6GJXd</subfield>
    </datafield>
    <datafield tag="700" ind1="1" ind2=" ">
      <subfield code="a">Meurs, Johannes van,</subfield>
      <subfield code="d">1579-1639,</subfield>
      <subfield code="e">correspondent.</subfield>
      <subfield code="4">crp</subfield>
      <subfield code="1">https://id.oclc.org/worldcat/entity/E39PBJmTtBtd8Q9QRDVRWTBByd</subfield>
    </datafield>
    <datafield tag="700" ind1="1" ind2=" ">
      <subfield code="a">Werchovius, Joa.,</subfield>
      <subfield code="e">correspondent.</subfield>
      <subfield code="4">crp</subfield>
    </datafield>
    <datafield tag="700" ind1="1" ind2=" ">
      <subfield code="a">Booth, Everhardus,</subfield>
      <subfield code="d">1577-1610,</subfield>
      <subfield code="e">correspondent.</subfield>
      <subfield code="4">crp</subfield>
      <subfield code="1">https://id.oclc.org/worldcat/entity/E39PCjGqFgKRTyD4VYHMKXD8qP</subfield>
    </datafield>
    <datafield tag="700" ind1="1" ind2=" ">
      <subfield code="a">Junius, Franciscus,</subfield>
      <subfield code="d">1545-1602,</subfield>
      <subfield code="e">correspondent.</subfield>
      <subfield code="4">crp</subfield>
      <subfield code="1">https://id.oclc.org/worldcat/entity/E39PBJpJdVFY8GFqVFfHGmjDMP</subfield>
    </datafield>
    <datafield tag="700" ind1="1" ind2=" ">
      <subfield code="a">Eppen, Heinrich,</subfield>
      <subfield code="d">approximately 1574-1636,</subfield>
      <subfield code="e">correspondent.</subfield>
      <subfield code="4">crp</subfield>
    </datafield>
    <datafield tag="700" ind1="1" ind2=" ">
      <subfield code="a">Buchell, Arend van,</subfield>
      <subfield code="d">1565-1641,</subfield>
      <subfield code="e">correspondent.</subfield>
      <subfield code="4">crp</subfield>
      <subfield code="1">https://id.oclc.org/worldcat/entity/E39PBJvt97kGgrhYc6wBHv6BT3</subfield>
    </datafield>
    <datafield tag="700" ind1="1" ind2=" ">
      <subfield code="a">Lydius, Jacobus,</subfield>
      <subfield code="d">1610-1679,</subfield>
      <subfield code="e">correspondent.</subfield>
      <subfield code="4">crp</subfield>
      <subfield code="0">(isni)0000000108715105</subfield>
    </datafield>
    <datafield tag="710" ind1="2" ind2=" ">
      <subfield code="a">Universiteit Utrecht.</subfield>
      <subfield code="b">Bibliotheek.</subfield>
      <subfield code="k">Manuscript</subfield>
      <subfield code="n">Hs. 1676 (Hs 7 B 21 dl 1)</subfield>
    </datafield>
    <datafield tag="758" ind1=" " ind2=" ">
      <subfield code="i">has work:</subfield>
      <subfield code="a">UBU Hs. 1676 (Hs 7 B 21 dl 1) Epistolae eruditorum (Text)</subfield>
      <subfield code="1">https://id.oclc.org/worldcat/entity/E39PCFWXMTdx7gRRTDtkc8k6fC</subfield>
      <subfield code="4">https://id.oclc.org/worldcat/ontology/hasWork</subfield>
    </datafield>
  </record>